[Event "Vaxjo op"]
[Site "Vaxjo"]
[Date "2020.02.08"]
[Round "5"]
[White "Olsson, William"]
[Black "Radberg, John"]
[Result "1-0"]
[WhiteElo "2198"]
[BlackElo "1889"]
[PlyCount "105"]
[EventDate "2020.02.07"]
[EventType "swiss"]
[EventRounds "8"]
[EventCountry "SWE"]
[SourceTitle "CBM 194 Extra"]
[Source "ChessBase"]
[SourceDate "2020.03.31"]
[SourceVersion "1"]
[SourceVersionDate "2020.03.31"]
[SourceQuality "1"]

1. c4 e5 2. Nc3 Nf6 3. g3 d5 4. cxd5 Nxd5 5. Bg2 Nb6 6. Nf3 Nc6 7. 0-0 Bg4 8. d3 Qd7 9. Re1 Be7 10. a4 a5 11. Be3 Rd8 12. Rc1 h5 13. h4 0-0 14. Ng5 Nd4 15. b3 Ba3 16. Rb1 Bb4 17. Bd2 f6 18. Nge4 c6 19. Kh2 Nc8 20. Na2 Bxd2 21. Qxd2 Bxe2 22. Rxe2 Nxe2 23. Qxe2 Qxd3 24. Qe1 Qc2 25. Nac3 Nd6 26. Nc5 Rfe8 27. Rc1 Qg6 28. N3e4 Nxe4 29. Bxe4 f5 30. Bg2 b6 31. Nb7 Rc8 32. Rd1 Rc7 33. Nd6 Re6 34. Nc4 e4 35. Nxb6 Rce7 36. Rd8+ Kh7 37. Nd7 Qf7 38. Nf8+ Kh6 39. Nxe6 Qxe6 40. Qe3+ Kh7 41. Bf1 Qe5 42. Bc4 g6 43. Qd4 Qxd4 44. Rxd4 Kg7 45. Rd8 Re5 46. Rd6 Rc5 47. Kg2 Kh6 48. Kf1 Kg7 49. Ke2 g5 50. hxg5 f4 51. gxf4 Rf5 52. Ke3 Rf8 53. Rh6 1-0

[Event "Lund Lask op"]
[Site "Lund"]
[Date "2016.12.06"]
[Round "7"]
[White "Radberg, John"]
[Black "Olsson, Tomas"]
[Result "0-1"]
[WhiteElo "1864"]
[BlackElo "1993"]
[PlyCount "86"]
[EventDate "2016.10.04"]
[EventType "swiss"]
[EventRounds "7"]
[EventCountry "SWE"]
[SourceTitle "EXT 2019"]
[Source "ChessBase"]
[SourceDate "2018.10.10"]
[SourceVersion "1"]
[SourceVersionDate "2018.10.10"]
[SourceQuality "1"]

1. e4 e5 2. Nf3 Nc6 3. Bb5 a6 4. Ba4 d6 5. 0-0 Bg4 6. h3 Bd7 7. c3 Nge7 8. d4 Ng6 9. Re1 Be7 10. Nbd2 h6 11. Nf1 Bg5 12. Ng3 Bxc1 13. Qxc1 0-0 14. Qe3 Nxd4 15. cxd4 Bxa4 16. dxe5 dxe5 17. Rac1 Bc6 18. Nf5 Qf6 19. Rc5 Rad8 20. h4 Rfe8 21. g3 Nf8 22. Kg2 Nd7 23. Rc3 Nf8 24. Rc5 Nd7 25. Rcc1 Nf8 26. g4 Ng6 27. Kg3 Nf4 28. Nxe5 Qxe5 29. Qxf4 Qxf4+ 30. Kxf4 Rd2 31. Rb1 Rxf2+ 32. Kg3 Rd2 33. Kf4 Kh7 34. Ng3 Red8 35. Re2 R2d3 36. Rbe1 g5+ 37. hxg5 hxg5+ 38. Kxg5 Rxg3 39. Rf2 Kg7 40. Ref1 Rd7 41. e5 Re3 42. Rf5 Re7 43. Kh4 R3xe5 0-1

[Event "Lund Lask op"]
[Site "Lund"]
[Date "2016.11.22"]
[Round "6"]
[White "Malmqvist, Glenn"]
[Black "Radberg, John"]
[Result "1/2-1/2"]
[WhiteElo "2084"]
[BlackElo "1864"]
[PlyCount "116"]
[EventDate "2016.10.04"]
[EventType "swiss"]
[EventRounds "7"]
[EventCountry "SWE"]
[SourceTitle "EXT 2019"]
[Source "ChessBase"]
[SourceDate "2018.10.10"]
[SourceVersion "1"]
[SourceVersionDate "2018.10.10"]
[SourceQuality "1"]

1. d4 Nf6 2. Nf3 e6 3. c4 b6 4. g3 Ba6 5. b3 Bb4+ 6. Bd2 Qe7 7. Bg2 Ne4 8. Bxb4 Qxb4+ 9. Nfd2 Nxd2 10. Qxd2 Qxd2+ 11. Nxd2 c6 12. e4 d6 13. a4 0-0 14. 0-0 e5 15. Nf3 f6 16. Rfd1 c5 17. dxc5 dxc5 18. Bh3 Bc8 19. Bxc8 Rxc8 20. Nh4 Nc6 21. Rd6 Nd4 22. Rb1 Rd8 23. Rd5 Ne2+ 24. Kg2 Nc3 25. Rxd8+ Rxd8 26. Re1 Kf7 27. Kf3 Na2 28. Ra1 Nb4 29. a5 Nc2 30. Ra4 Rd7 31. axb6 axb6 32. Ra6 Nd4+ 33. Ke3 Nxb3 34. Rxb6 Na5 35. Ke2 Nxc4 36. Rc6 Nd2 37. f3 Nb3 38. Ke3 g6 39. f4 Nd2 40. fxe5 Nc4+ 41. Ke2 Nxe5 42. Rxc5 Ra7 43. Rc2 Ra4 44. Ke3 Nc4+ 45. Kf3 Ra3+ 46. Kf2 Nd6 47. Re2 Ra4 48. Kf3 Ke6 49. Ng2 Ke5 50. Nf4 Rxe4 51. Rd2 Rd4 52. Rxd4 Kxd4 53. Ne6+ Ke5 54. Nf8 Nf5 55. Nxh7 Nd4+ 56. Kg4 Ne6 57. h4 f5+ 58. Kf3 Nd4+ 1/2-1/2

[Event "Vaxjo op"]
[Site "Vaxjo"]
[Date "2016.02.19"]
[Round "4"]
[White "Hoglund, Leif"]
[Black "Radberg, John"]
[Result "1-0"]
[WhiteElo "2101"]
[BlackElo "1904"]
[PlyCount "129"]
[EventDate "2016.02.19"]
[EventType "swiss"]
[EventRounds "8"]
[EventCountry "SWE"]
[SourceTitle "CBM 170 Extra"]
[Source "ChessBase"]
[SourceDate "2016.02.25"]
[SourceVersion "1"]
[SourceVersionDate "2016.02.25"]
[SourceQuality "1"]

1. e4 c6 2. d4 d5 3. Nc3 dxe4 4. Nxe4 Nd7 5. Nf3 Ngf6 6. Ng3 e6 7. Bd3 c5 8. Qe2 Be7 9. 0-0 0-0 10. Rd1 Qc7 11. c3 b6 12. Bg5 Re8 13. Rac1 Bb7 14. Ne5 Nxe5 15. dxe5 Nd7 16. Bxe7 Rxe7 17. f4 g6 18. Be4 f5 19. Bxb7 Qxb7 20. Rd6 Rae8 21. Rcd1 Nb8 22. Qb5 Na6 23. a4 Nc7 24. Qc4 Nd5 25. Kf2 Rd7 26. Rxd7 Qxd7 27. Ne2 Qc6 28. Qb5 Rc8 29. Qxc6 Rxc6 30. c4 Nb4 31. Rd8+ Kg7 32. Rd7+ Kh6 33. Ke3 a6 34. h3 Nc2+ 35. Kd2 Nb4 36. g4 fxg4 37. hxg4 Rc8 38. Ng3 g5 39. f5 Nc6 40. Rd6 Nd4 41. Rxb6 Nf3+ 42. Kc3 Nxe5 43. Rxe6+ Ng6 44. fxg6 hxg6 45. Rxa6 Re8 46. Nf5+ Kh7 47. Ra7+ Kh8 48. Ne7 Rb8 49. a5 Rd8 50. Nxg6+ Kg8 51. Ne5 Re8 52. Nd7 Re3+ 53. Kd2 Rg3 54. a6 Rg2+ 55. Kc3 Rg3+ 56. Kc2 Rg2+ 57. Kb1 Rg1+ 58. Ka2 Kg7 59. Nxc5+ Kf6 60. Ne4+ Ke5 61. Nxg5 Kd6 62. Rb7 Kc6 63. Rb5 Rh1 64. a7 Rh8 65. Rb8 1-0